|
|
|
|
| LEADER |
01009nab a2200241 i 4500 |
| 001 |
publ18843 |
| 005 |
20200605102537.0 |
| 008 |
200605s2017 hu o 0|| zxx d |
| 022 |
|
|
|a 0030-6002
|
| 024 |
7 |
|
|a 10.1556/650.2017.30944
|2 doi
|
| 024 |
7 |
|
|a 3301676
|2 mtmt
|
| 040 |
|
|
|a SZTE Publicatio Repozitórium
|b hun
|
| 041 |
|
|
|a zxx
|
| 100 |
2 |
|
|a Hári-Kovács András
|
| 245 |
1 |
0 |
|a Acetazolamid orális alkalmazása mellett jelentkező chorioidealeválás
|h [elektronikus dokumentum] :
|b ismert idioszinkráziás hatás szokatlan megjelenési formája? /
|c Hári-Kovács András
|
| 260 |
|
|
|c 2017
|
| 300 |
|
|
|a 1998-2002
|
| 490 |
0 |
|
|a ORVOSI HETILAP
|v 158 No. 50
|
| 700 |
0 |
1 |
|a Soós Judit
|e aut
|
| 700 |
0 |
1 |
|a Gyetvai Tamás
|e aut
|
| 700 |
0 |
1 |
|a Facskó Andrea
|e aut
|
| 700 |
0 |
1 |
|a Végh Mihály
|e aut
|
| 856 |
4 |
0 |
|u http://publicatio.bibl.u-szeged.hu/18843/1/17886120-OrvosiHetilapAcetazolamidoralisalkalmazasamellettjelentkezo_chorioidealevalasketesete_ismertidioszinkraziashatasszokatlanmegjelenesi_.pdf
|z Dokumentum-elérés
|